[Event "GER-chT U20 Girls"]
[Site "Meppen"]
[Date "2002.12.28"]
[Round "4.2"]
[White "Koeditz, Katja"]
[Black "Reiter, Anna"]
[Result "1-0"]
[WhiteElo "1504"]
[BlackElo "1282"]
[PlyCount "69"]
[EventDate "2002.12.27"]
[EventType "team-tourn"]
[EventRounds "7"]
[EventCountry "GER"]
[SourceTitle "CBM 092 Extra"]
[Source "ChessBase"]
[SourceDate "2003.03.07"]
[SourceVersion "1"]
[SourceVersionDate "2003.03.07"]
[SourceQuality "1"]

1. d4 d5 2. c4 c6 3. Nc3 Nf6 4. Bg5 Nbd7 5. Nf3 g6 6. e3 Bg7 7. Bd3 0-0 8. Qc2 b6 9. 0-0-0 Bb7 10. Rdg1 Re8 11. g4 dxc4 12. Bxc4 c5 13. d5 a6 14. e4 b5 15. Be2 h6 16. Be3 Rc8 17. g5 hxg5 18. Nxg5 c4 19. h4 b4 20. Nd1 b3 21. Qb1 Qa5 22. Nc3 Nb6 23. a3 Nfd7 24. Bd2 Na4 25. h5 Bxc3 26. Bxc3 Nxc3 27. bxc3 Qxc3+ 28. Kd1 Qd4+ 29. Ke1 c3 30. hxg6 fxg6 31. Qxb3 Qd2+ 32. Kf1 Nc5 33. Qd1 Qb2 34. Qd4 e5 35. dxe6 1-0

[Event "GER-chT U20 Girls"]
[Site "Meppen"]
[Date "2002.12.28"]
[Round "3.2"]
[White "Wolff, Sara"]
[Black "Koeditz, Katja"]
[Result "0-1"]
[WhiteElo "1073"]
[BlackElo "1504"]
[PlyCount "40"]
[EventDate "2002.12.27"]
[EventType "team-tourn"]
[EventRounds "7"]
[EventCountry "GER"]
[SourceTitle "CBM 092 Extra"]
[Source "ChessBase"]
[SourceDate "2003.03.07"]
[SourceVersion "1"]
[SourceVersionDate "2003.03.07"]
[SourceQuality "1"]

1. e4 Nf6 2. Nc3 d5 3. e5 Nfd7 4. d4 Nb6 5. Bb5+ c6 6. Ba4 Bf5 7. Nf3 e6 8. 0-0 Be7 9. Bf4 g5 10. Be3 h5 11. Qd2 g4 12. Ne1 N8d7 13. Bb3 Nf8 14. Ne2 h4 15. g3 Nh7 16. Bf4 Ng5 17. c3 Nh3+ 18. Kg2 hxg3 19. Nxg3 Nxf4+ 20. Qxf4 Bg5 0-1

[Event "GER-chT U20 Girls"]
[Site "Meppen"]
[Date "2002.12.27"]
[Round "2.2"]
[White "Koeditz, Katja"]
[Black "Stoehr, Friederike"]
[Result "1-0"]
[WhiteElo "1504"]
[BlackElo "1579"]
[PlyCount "121"]
[EventDate "2002.12.27"]
[EventType "team-tourn"]
[EventRounds "7"]
[EventCountry "GER"]
[SourceTitle "CBM 092 Extra"]
[Source "ChessBase"]
[SourceDate "2003.03.07"]
[SourceVersion "1"]
[SourceVersionDate "2003.03.07"]
[SourceQuality "1"]

1. d4 Nf6 2. c4 g6 3. Nc3 Bg7 4. e4 d6 5. f4 0-0 6. Nf3 c5 7. d5 a6 8. Bd3 Nbd7 9. Bd2 Rb8 10. 0-0 Nb6 11. f5 Ng4 12. Nh4 Ne5 13. Qe2 Nxd3 14. Qxd3 Nd7 15. Qh3 Ne5 16. b3 b5 17. cxb5 axb5 18. Rab1 b4 19. Ne2 Ra8 20. Nc1 Ra7 21. Nf3 Nxf3+ 22. Rxf3 Bd4+ 23. Be3 Bxe3+ 24. Rxe3 Kg7 25. Rg3 Rh8 26. Rb2 Qg8 27. Nd3 f6 28. Nf4 g5 29. Qh5 Qf7 30. Qe2 h5 31. h4 g4 32. Rb1 Kg8 33. Qf2 Rh7 34. Nd3 Ra5 35. Ra1 Ba6 36. Nxb4 cxb4 37. Qb6 Rc5 38. Qxa6 Rc3 39. Rxc3 bxc3 40. Qc8+ Kg7 41. Qxc3 Qe8 42. a4 Qb8 43. b4 Rh8 44. Rc1 Qa7+ 45. Kf1 Qxa4 46. Qc7 Kf7 47. Qc4 Rb8 48. Rb1 Qa3 49. Qb3 Qa6+ 50. b5 Qa5 51. Ke2 Rc8 52. Kd3 Rc5 53. b6 Qa6+ 54. Ke3 Qb7 55. Ra1 Rc8 56. Ra7 Qb8 57. Kd3 Ke8 58. Qb5+ Kf8 59. b7 Re8 60. Qxe8+ Kxe8 61. Ra8 1-0